| 000 | 00620nam a2200193 4500 | ||
|---|---|---|---|
| 001 | 113219 | ||
| 003 | ES-MaACL | ||
| 007 | t| | ||
| 008 | 061121s1983 sp r ||||1| spa d | ||
| 020 | _a84-85320-23-9 | ||
| 100 | 1 |
_aMygind, N. _984758 |
|
| 245 | 1 | 0 |
_aAsma & rinitis _b: tratamiento esteroide / _cN. Mygind, T. J. H. Clark ; [traducción por Mª Elena Rodríguez Barro]. |
| 260 |
_aMadrid : _bPanamerica, _cD. L. 1983. |
||
| 300 |
_a212 p. : _bil ; _c21 cm. |
||
| 500 | _aIndice. | ||
| 700 | 1 |
_aClark, T. J. H. _939050 |
|
| 700 | 1 |
_aRodríguez Barro, María Elena. _998373 |
|
| 852 |
_aES-MaACL _jL-9122 _bR.109155 |
||
| 999 |
_c113219 _d113219 |
||